LEADER 01676nam0 22003371i 450 001 UON00089046 005 20250314120727.93 100 $a20020107d1977 |0itac50 ba 101 $aeng 102 $aUS 105 $a|||| ||||| 200 1 $aTerracotta lamps$fby Oscar Broneer 210 $aPrinceton$cAmerican School of Classical Studies at Athens$d1977. xii$d112 p.$cill.$d40 p. di tav., 1 pianta ; 32 cm 410 1$1001UON00087261$12001 $aIsthmia$eexcavations by the University of Chicago under the auspices of the American School of Classical Studies at Athens$1210 $aPrinceton$cThe American School of Classical Studies at Athens.$v3 606 $aISTHMIA$3UONC026214$2FI 606 $aLAMPADE$xCataloghi$xIsthmia$3UONC026215$2FI 606 $aSCAVI ARCHEOLOGICI$xIsthmia$3UONC026213$2FI 606 $aTERRECOTTE$xLampade$3UONC026212$2FI 620 $aUS$dPrinceton$3UONL000074 676 $a745.5932$cLampade - Artigianato$v21 700 1$aBRONEER$bOscar$3UONV056161$0207279 712 02$aAmerican School of Classical Studies at Athens$3UONV056153 712 02$aUniversity$cChicago$3UONV056154 712 $aAmerican School of Classical Studies at Athens$3UONV056153$4650 791 02$aThe American School of Classical Studies at Athens$zAmerican School of Classical Studies at Athens$3UONV259634 801 $aIT$bSOL$c20250530$gRICA 899 $aSIBA - SISTEMA BIBLIOTECARIO DI ATENEO$2UONSI 912 $aUON00089046 950 $aSIBA - SISTEMA BIBLIOTECARIO DI ATENEO$dSI N 1 ISTHMIA 001 03 $eSI MC 15971 7 03 996 $aTerracotta lamps$9574153 997 $aUNIOR